Prof. G Ram Reddy Library

Imagined communities (Record no. 80778)

MARC details
000 -LEADER
fixed length control field 00532nam a2200193Ia 4500
003 - CONTROL NUMBER IDENTIFIER
control field LDD
008 - FIXED-LENGTH DATA ELEMENTS--GENERAL INFORMATION
fixed length control field 181029s9999 xx 000 0 und d
020 ## - INTERNATIONAL STANDARD BOOK NUMBER
International Standard Book Number 860915468
Terms of availability P 12.00
040 ## - CATALOGING SOURCE
Transcribing agency LDD
100 ## - MAIN ENTRY--PERSONAL NAME
Personal name Anderson, Benedict
245 #0 - TITLE STATEMENT
Title Imagined communities
Statement of responsibility, etc. Benedict Anderson
260 ## - PUBLICATION, DISTRIBUTION, ETC.
Place of publication, distribution, etc. London
Name of publisher, distributor, etc. Verso
Date of publication, distribution, etc. 1991
300 ## - PHYSICAL DESCRIPTION
Extent xv, 224p.
365 ## - TRADE PRICE
Price amount P 12.00
901 ## - LOCAL DATA ELEMENT A, LDA (RLIN)
a 4351
b 23-02-2008
902 ## - LOCAL DATA ELEMENT B, LDB (RLIN)
a I-1207
b 06-03-2008
c F
d AAKAR
e 95
903 ## - LOCAL DATA ELEMENT C, LDC (RLIN)
a Discount-15
b Reqst by : AjayNohurkar
942 ## - ADDED ENTRY ELEMENTS (KOHA)
Source of classification or shelving scheme Dewey Decimal Classification
Koha item type Books
Holdings
Withdrawn status Lost status Source of classification or shelving scheme Damaged status Not for loan Home library Current library Total Checkouts Full call number Barcode Checked out Date last seen Date last checked out Cost, replacement price Price effective from Koha item type Public note
No   Dewey Decimal Classification     Library and Documentation Division Library and Documentation Division 1 320.54 An23I 064111 02/21/2019 02/07/2019 02/07/2019 959.64 11/01/2018 Books Issued

© Prof. G Ram Reddy Centre Library, Indira Gandhi National Open University, Maidan Garhi, New Delhi, 110068
+91-011-29532797 | FAX+91-011-29533393 |